Регионална библиотека "Любен Каравелов" - Русе

Електротехника и електроника (Запис номер 60269)

MARC детайли
000 -Лидер
Контролно поле с фиксирана дължина 01674nam a2200349 c 4500
003 - Код на организацията, давaща контролен номер
Контролно поле BLK
005 - Дата и час на последна редакция
Контролно поле 20221206171548.0
008 - Елементи от данни с фиксирана дължина
fixed length control field 180408b bul|||||r ||||||| ||bul||
010 ## - Наследен системен номер
LC control number KNG00064413000
040 ## - Източник на каталожния запис
Идентификатор на билиотеката - собственик на записа BLK
041 ## - Код за език
Код за езика на текст/звукозапис или на отделно заглавие Български
Код за езика КДБФ Български
080 ## - УДК
Текстов определител УДК Електротехника
УДК код - определител по УДК 621.3
УДК определител (075.8)
УДК - код + определител 621.3(075.8)
080 ## - УДК
Текстов определител УДК Електроника.Фотоелектроника.Електронни лампи и тръби.Рентгенова техника.Ускорители. Вж и 615.84; 616-073.7; 621.3.032
УДК код - определител по УДК 621.38
УДК определител (075.8)
УДК - код + определител 621.38(075.8)
100 1# - Редна дума - Автор
Автор Цанов, Димчо Димитров
R(LIN) 369918
139 ## - Редно поле
Редна дума Цанов, Димчо Димитров и др.
Авторски знак Цано - Ц 18
245 10 - Сведения за заглавието
Заглавие Електротехника и електроника
Подзаглавни данни Учебник за студентите от ВМЕИ В. И. Ленин - София
Редно поле (дума) Димчо Димитров Цанов; съавт. Мария Н. Стоянова; съавт. Илия Т. Димов.
257 ## - Страна на издаване
Страна на създаване/издаване България
260 ## - Област на издателските данни
Име на издателя, разпространителя и проч. Техника
Година на издаване 1983
Печатница Хасково : Ат. Стратиев
Място на издаване, разпространение и проч. София
300 ## - Физическа характеристика
Страници 463 с.
Илюстрации и др. със сх., табл., диагр.
Размери/Мащаб 22 см
380 ## - Жанр
Жанр Техника
500 ## - Общи забележки
Забележка Библиогр. с. 458
504 ## - Забележка за наличие на библиография и др
Забележка за наличие на библиография и под. 458
650 #4 - Допълнително описание по предмет – тема
Основно описание – тема или топоним Електротехника - учебници за ВУЗ
9 (RLIN) 243545
650 #4 - Допълнително описание по предмет – тема
Основно описание – тема или топоним Електроника - учебници за ВУЗ
9 (RLIN) 243546
700 1# - Други автори (авторска отговорност)
Лично име Стоянова, Мария Н.
Автороска отговорност (Описва отношението между автора и произведението) съавт.
9 (RLIN) 289806
700 1# - Други автори (авторска отговорност)
Лично име Димов, Илия Т.
Автороска отговорност (Описва отношението между автора и произведението) съавт.
9 (RLIN) 289807
852 ## - Местоположение
Форматна сигнатура Цб 122545
Фондова буква Хранилище
856 4# - Електронен адрес и достъп
Електронен формат pdf - файл
856 4# - Електронен адрес и достъп
Електронен формат pdf - файл
999 ## - СИСТЕМНИ КОНТРОЛНИ НОМЕРА
Koha biblionumber 60269
Koha biblioitemnumber 60269
942 ## - АРТИКУЛИ
Вид на библиотечния материал Книги
Скрит в OPAC Не
Периодичен библиозапис Да
944 ## - СЪЗДАВАНЕ И РЕДАКЦИЯ на ЗАПИСА
Създаване/Редакция Създаване
Дата на регистрацията/редакция 13.06.2004
944 ## - СЪЗДАВАНЕ И РЕДАКЦИЯ на ЗАПИСА
Създаване/Редакция Редакция
Дата на регистрацията/редакция 2020-06-16
999 ## - СИСТЕМНИ КОНТРОЛНИ НОМЕРА
Koha biblioitemnumber 60269
Наличности
Код за отписване Код за изгубен артикул Източник на класификационната схема Код за повреда Коз за рестрикции Код за отдаване Артикулен № Име на библиотеката - собственик Име на библиотеката, в която се намира в момента Статус (Текущо местоположение) Дата на вписване в системата Местоположение - отдел Цена в лева Инвентарен номер Систематично азбучна сигнатура Баркод Номер на екземпляра Цена в евро Служебна бележка Служебен тип на артикула
Изтеглен Не е изгубен Universal Decimal Classification Не е повреден без рестрикции ползва се в читалня 99299 Регионална библиотека "Любен Каравелов" Русе Регионална библиотека "Любен Каравелов" Русе Читалня 1993-01-01 Читалня 2.37 391452 Ч 621.3/Ц 18 391452 1 1.21 Дата инв: 24.03.2017 Бележки инв: Ч2017 Книги
  Не е изгубен Universal Decimal Classification Не е повреден само за читалня ползва се в читалня 776779 Регионална библиотека "Любен Каравелов" Русе Регионална библиотека "Любен Каравелов" Русе Хранилище 2020-06-17 Хранилище 2.37 382222 Цб 122545 900000018123   1.21   Книги
Vip Innovations Ltd, Rousse, Bulgaria 2025